Online
Catalog

Teología moral para seglares / (Record no. 14621)

MARC details
000 -CABECERA
campo de control de longitud fija 00781cam a2200253 a 4500
001 - NÚMERO DE CONTROL
campo de control 000015048
005 - FECHA Y HORA DE LA ÚLTIMA TRANSACCIÓN
campo de control 20240514073717.0
008 - DATOS DE LONGITUD FIJA--INFORMACIÓN GENERAL
campo de control de longitud fija 901024s1957 sp 001 0 spa d
040 ## - FUENTE DE LA CATALOGACIÓN
Centro catalogador/agencia de origen DO-SdBNP
Centro/agencia transcriptor DLC
Centro/agencia modificador DLC
-- BNPHU
082 ## - NÚMERO DE LA CLASIFICACIÓN DECIMAL DEWEY
Número de clasificación 241
Número de documento/Ítem R892t
049 ## - FONDOS LOCALES (OCLC)
Fondos de biblioteca BNGR
100 1# - ENTRADA PRINCIPAL--NOMBRE DE PERSONA
Nombre de persona Royo Marín, Antonio,
9 (RLIN) 34059
245 10 - MENCIÓN DE TÍTULO
Título Teología moral para seglares /
Mención de responsabilidad, etc. Fr. Antonio Royo Marín.
260 ## - PUBLICACIÓN, DISTRIBUCIÓN, ETC.
Lugar de publicación, distribución, etc. Madrid,
Fecha de publicación, distribución, etc. 1957-.
300 ## - DESCRIPCIÓN FÍSICA
Extensión v p. ;
Dimensiones 20 cm.
490 1# - MENCIÓN DE SERIE
Mención de serie Biblioteca de Autores Cristianos
Designación de volumen o secuencia 166
505 0# - NOTA DE CONTENIDO CON FORMATO
Nota de contenido con formato t.1 Moral fundamental y especial--
500 ## - NOTA GENERAL
Nota general La biblioteca posee el tomo 1
500 ## - NOTA GENERAL
Nota general Incluye índice
650 #4 - PUNTO DE ACCESO ADICIONAL DE MATERIA--TÉRMINO DE MATERIA
Término de materia o nombre geográfico como elemento de entrada Ética cristiana
9 (RLIN) 389
650 #0 - PUNTO DE ACCESO ADICIONAL DE MATERIA--TÉRMINO DE MATERIA
Término de materia o nombre geográfico como elemento de entrada Ética
9 (RLIN) 509
830 #0 - PUNTO DE ACCESO ADICIONAL DE SERIE-TÍTULO UNIFORME
Título uniforme Biblioteca de Autores Cristianos ;
Designación de volumen o secuencia 166
9 (RLIN) 4245
910 ## - DATOS DE OPCIÓN DEL USUARIO (OCLC)
Datos de opción del usuario Catalogación derivada
Holdings
Estado de retiro Estado de pérdida Restricciones de uso No para préstamo Código de colección Localización permanente Ubicación/localización actual Ubicación en estantería Fecha de adquisición Número de inventario Total de préstamos Signatura topográfica completa Código de barras Fecha visto por última vez Número de copia Precio válido a partir de Tipo de ítem Koha
    Préstamo restringido Préstamo restrigido Monografías: Libros y Folletos General General En encuadernación 29.01.2010 LF1   241 R892t 15048-10 25.06.2020 e. 1 25.06.2020 No se presta

Powered by Koha